Statistics for Countries containing only one, repeated, vowel

Click here to take the quiz!

General Stats

  • This quiz has been taken 1,523 times
    (839 since last reset)
  • The average score is 12 of 20

Answer Stats

letterscountry% Correct
IIFiji
82%
AAACanada
81%
OOTogo
77%
AAAPanama
75%
AAJapan
73%
OOOMorocco
71%
OOOKosovo
69%
EEEGreece
65%
AAGhana
63%
OOOComoros
61%
EEYemen
61%
AAAAMadagascar
60%
AAABahamas
58%
EESweden
56%
AAMalta
52%
AAQatar
48%
AAAKazakhstan
45%
AARwanda
44%
EEESeychelles
35%
AAMyanmar
24%

Score Distribution

Percentile by Number Answered

Percent of People with Each Score

Your Score History

You have not taken this quiz since the last reset